000 00459nam a2200193Ia 4500
003 OSt
005 20251205163236.0
008 250729s2005 xx 000 0 und d
040 _cAL
041 _aeng
082 _a375 EDIR
100 _aEdiger Marlow
_9225916
245 _aRelevancy in elementary curriculum
260 _aNew Delhi
_c2005
300 _a323p
650 _aEducation
_9225917
700 _aRao Digumurthi
_9225918
942 _2ddc
_cBED
999 _c237118
_d237118